| 000 | 00469nam a2200181Ia 4500 | ||
|---|---|---|---|
| 001 | 30535 | ||
| 008 | 140416s9999 xx 000 0 und d | ||
| 020 | _a007471430-9 | ||
| 040 | _cPK-LaUMT | ||
| 082 |
_a 657.207 _bHAL-C |
||
| 100 | _aAbdel Halabi | ||
| 245 |
_aClover cellars [+CD] _bam accounting practice set _cAbdel Halabi<>Robyn Dyt |
||
| 260 |
_aBoston,USA: _bMcGraw-Hill, _c2004 |
||
| 300 |
_a122 p. _eCD |
||
| 546 | _aEN | ||
| 700 | _aRobyn Dyt | ||
| 942 | _cBK | ||
| 999 |
_c30658 _d30658 |
||